000 00851nmm a2200265 a 4500
001 ocm0001865136
003 TR-IsHL
005 20201028171700.0
008 180329s2014 tu tur
007 cr cn
020 _a9789759019365
035 _a1865136
_b(N$T)
050 0 4 _aPL248.B55
_bÇ38 2014
090 0 4 _aPL248.B55
_bÇ38 2014
100 1 _aBilgin, Hasan Basri
245 1 0 _a1915 Çanakkale bir ulu destan
_h[electronic resource] /
_cHasan Basri Bilgin
260 _aİstanbul :
_bHayat Yayınları,
_c2014
300 _a337 p.
650 4 _aDil ve Edebiyat
650 4 _aLanguage and Literature
650 0 _aTürk romanı
650 0 _aTurkish fiction
650 7 _aLITERARY COLLECTIONS / Middle Eastern
_2bisacsh
856 4 0 _uhttp://search.ebscohost.com/login.aspx?direct=true&scope=site&db=e011xww&AN=1865136
999 _c16823
_d16823